[Event "Kvika Reykjavik Open 2022"]
[Site "Reykjavik ISL"]
[Date "2022.04.09"]
[Round "5.76"]
[White "Bulacio, Juan Manuel"]
[Black "Jaivardhan, Raj"]
[Result "0-1"]
[BlackTitle "CM"]
[WhiteElo "1636"]
[BlackElo "2006"]
[WhiteFideId "20006330"]
[BlackFideId "25744437"]
[EventDate "2022.04.06"]

1. e4 c5 2. c3 Nf6 3. e5 Nd5 4. d4 cxd4 5. cxd4 d6 6. Nf3 Nc6 7. Bc4 e6 8. Nc3
Nxc3 9. bxc3 dxe5 10. dxe5 Qa5 11. Qb3 Nxe5 12. Bb5+ Bd7 13. Bxd7+ Nxd7 14. O-O
Nc5 15. Qc2 Be7 16. Rb1 O-O 17. Be3 Qc7 18. Bd4 b6 19. Rfe1 h6 20. Qe2 Bd6 21.
g3 Nd7 22. Rbd1 Rad8 23. Rd3 Nb8 24. Nh4 Rfe8 25. Qg4 f5 26. Qh5 Qf7 27. Qd1 Nc6
28. Bxg7 Qxg7 29. Rxd6 Qxc3 30. Rexe6 Rxe6 31. Rxd8+ Nxd8 32. Qxd8+ Kf7 33. Qd7+
Kf6 34. Qd8+ Ke5 35. Qh8+ Rf6 36. Qe8+ Kd6 37. Qd8+ Kc5 38. Qc7+ Kb4 39. Qe7+
Kb5 40. Qd7+ Qc6 41. Qxa7 Rd6 42. a4+ Kb4 43. Qe7 Kxa4 44. Qe2 Qd5 45. Qc2+ Qb3
46. Qc7 Qd1+ 47. Kg2 Qd5+ 48. Kh3 b5 49. Qc2+ Qb3 50. Qxf5 Qe6 51. g4 Qxf5 52.
Nxf5 Rd7 53. Nxh6 Rh7 54. g5 b4 55. Kg4 b3 56. g6 Rxh6 57. Kg5 Rxh2 58. g7 Rg2+
59. Kh6 b2 0-1

[Event "Kvika Reykjavik Open 2022"]
[Site "Reykjavik ISL"]
[Date "2022.04.09"]
[Round "5.77"]
[White "Stefansson, Benedikt"]
[Black "George Samir, David"]
[Result "0-1"]
[BlackTitle "CM"]
[WhiteElo "1493"]
[BlackElo "2003"]
[WhiteFideId "2312379"]
[BlackFideId "10657789"]
[EventDate "2022.04.06"]

1. e4 e5 2. Nf3 Nc6 3. Bc4 Nf6 4. d3 h6 5. Nbd2 d6 6. c3 g5 7. d4 g4 8. dxe5
dxe5 9. Ng1 Bc5 10. a4 a5 11. Ne2 h5 12. Qc2 g3 13. hxg3 Ng4 14. f3 0-1

[Event "Kvika Reykjavik Open 2022"]
[Site "Reykjavik ISL"]
[Date "2022.04.09"]
[Round "5.78"]
[White "Marzik, Arne"]
[Black "Thorsteinsdottir, Hallgerdur"]
[Result "0-1"]
[BlackTitle "WFM"]
[WhiteElo "1446"]
[BlackElo "1981"]
[WhiteFideId "16254678"]
[BlackFideId "2302454"]
[EventDate "2022.04.06"]

1. d4 Nf6 2. Nf3 e6 3. g3 b6 4. c4 Bb7 5. Bg2 Be7 6. O-O O-O 7. Nc3 Ne4 8. Qc2
Nxc3 9. bxc3 f5 10. Bf4 Be4 11. Qb3 Nc6 12. a4 Kh8 13. d5 Na5 14. Qa2 Qc8 15.
Rfd1 d6 16. Bg5 Bxg5 17. Nxg5 Bxg2 18. Kxg2 e5 19. Ne6 Rf6 20. Rab1 c6 21. Rd3
Qb7 22. Kg1 Rc8 23. f4 e4 24. Re3 cxd5 25. cxd5 Nc4 26. Nd8 Qxd5 27. Rb4 Nxe3 0-1

[Event "Kvika Reykjavik Open 2022"]
[Site "Reykjavik ISL"]
[Date "2022.04.09"]
[Round "5.79"]
[White "Thorsteinsson, Thorsteinn Jakob F"]
[Black "Johannsdottir, Johanna Bjorg"]
[Result "0-1"]
[WhiteElo "1394"]
[BlackElo "1973"]
[WhiteFideId "2317940"]
[BlackFideId "2303108"]
[EventDate "2022.04.06"]

1. Nf3 g6 2. g3 Bg7 3. d3 d5 4. Bg2 c5 5. O-O Nf6 6. Nbd2 Nc6 7. Re1 O-O 8. e4
d4 9. Nc4 b5 10. Na3 a6 11. e5 Nd5 12. Nb1 Bg4 13. h3 Bxf3 14. Qxf3 e6 15. c4
dxc3 16. bxc3 Nxe5 17. Qd1 Rc8 0-1

[Event "Kvika Reykjavik Open 2022"]
[Site "Reykjavik ISL"]
[Date "2022.04.09"]
[Round "5.80"]
[White "Khoury, Theo"]
[Black "Signyjarson, Arnar Smari"]
[Result "1-0"]
[WhiteElo "1949"]
[BlackElo "1565"]
[WhiteFideId "480703"]
[BlackFideId "2316340"]
[EventDate "2022.04.06"]

1. e4 e6 2. d4 d5 3. Nc3 Nf6 4. e5 Nfd7 5. Nce2 c5 6. c3 Nc6 7. Nf3 Be7 8. g3
O-O 9. Bg2 b5 10. O-O b4 11. Be3 Ba6 12. Rc1 Qb6 13. Re1 bxc3 14. bxc3 Bxe2 15.
Qxe2 Na5 16. Rb1 Qc7 17. Nd2 Nb6 18. Qa6 Nac4 19. Nxc4 Nxc4 20. Rb7 Qc8 21. Reb1
Rd8 22. Bc1 Rd7 23. Bf1 cxd4 24. cxd4 Bd8 25. Qa4 Re7 26. Bxc4 Qxc4 27. Qxc4
dxc4 28. Rb8 Rxb8 29. Rxb8 Rd7 30. Bg5 f6 31. exf6 h6 32. Rxd8+ 1-0

[Event "Kvika Reykjavik Open 2022"]
[Site "Reykjavik ISL"]
[Date "2022.04.09"]
[Round "5.81"]
[White "Maes, Tibo"]
[Black "Sandin, Albin"]
[Result "1-0"]
[WhiteElo "1946"]
[BlackElo "1513"]
[WhiteFideId "231274"]
[BlackFideId "1731092"]
[EventDate "2022.04.06"]

1. d4 Nf6 2. Nc3 d5 3. Bg5 Bf5 4. Bxf6 exf6 5. e3 c6 6. Bd3 Bg6 7. h4 Nd7 8. h5
Bxd3 9. Qxd3 Bb4 10. Ne2 Nb6 11. a3 Bd6 12. e4 dxe4 13. Nxe4 Bc7 14. O-O-O O-O
15. N2g3 Qd5 16. Kb1 Nd7 17. Nc3 Qa5 18. Nf5 b5 19. Ne7+ Kh8 20. Nxc6 Qb6 21.
Qxb5 Rfe8 22. Qxb6 Nxb6 23. Nb5 Bf4 24. g3 Bh6 25. Nc7 Rac8 26. Nxe8 Rxe8 27. d5
Re5 28. d6 1-0

[Event "Kvika Reykjavik Open 2022"]
[Site "Reykjavik ISL"]
[Date "2022.04.09"]
[Round "5.82"]
[White "De Wachter, Livia"]
[Black "Arvidsson, Jonas"]
[Result "0-1"]
[WhiteElo "1171"]
[BlackElo "1942"]
[WhiteFideId "255505"]
[BlackFideId "1717839"]
[EventDate "2022.04.06"]

1. e4 e5 2. Nf3 Nc6 3. Bb5 a6 4. Ba4 Nf6 5. O-O Be7 6. Re1 b5 7. Bb3 O-O 8. h3
Bb7 9. a3 d5 10. exd5 Nxd5 11. d3 Nd4 12. Ba2 Nf4 13. Nxd4 Nxg2 14. Rxe5 Bf6 15.
Re2 Bxd4 16. Nd2 Nf4 17. Ne4 Bxe4 18. Rxe4 Nxh3+ 0-1

[Event "Kvika Reykjavik Open 2022"]
[Site "Reykjavik ISL"]
[Date "2022.04.09"]
[Round "5.83"]
[White "Unhjem, Bjorn Robert Lovoll"]
[Black "Moller, Tomas"]
[Result "1-0"]
[WhiteElo "1939"]
[BlackElo "1340"]
[WhiteFideId "1525948"]
[BlackFideId "2315343"]
[EventDate "2022.04.06"]

1. e4 c5 2. Nf3 e6 3. d4 cxd4 4. Nxd4 Nc6 5. Nc3 Qc7 6. g3 a6 7. Bg2 Nf6 8. O-O
Be7 9. Re1 d6 10. Nxc6 bxc6 11. Na4 O-O 12. c4 Bb7 13. Bf4 e5 14. Be3 c5 15. Nc3
Bc6 16. Bc1 Rab8 17. g4 Ne8 18. Bf1 g6 19. Bd3 Ng7 20. Bc2 Ne6 21. Ba4 Bb7 22.
Bh6 Rfd8 23. Be3 Bg5 24. b3 Bxe3 25. fxe3 Ng5 26. Nd5 Bxd5 27. exd5 Ne4 28. Qc2
Nf6 29. h3 Kg7 30. Rf1 Rf8 31. Rf3 Ng8 32. Raf1 Ne7 33. Qf2 Ng8 34. g5 Qd8 35.
Rxf7+ Rxf7 36. Qxf7+ Kh8 37. h4 Rc8 38. Qd7 Qxd7 39. Bxd7 Rc7 40. Rf7 a5 41. Kf2
h6 42. Ke2 Rb7 43. Kd2 Ra7 44. Kc2 Rb7 45. Kc3 Ra7 46. Kb2 Rb7 47. Ka3 Ra7 48.
Ka4 Rb7 49. Kxa5 Ra7+ 50. Kb6 Rxa2 51. Be6 Rb2 52. Kc6 Rxb3 53. Kxd6 Rxe3 54.
Kxc5 1-0

[Event "Kvika Reykjavik Open 2022"]
[Site "Reykjavik ISL"]
[Date "2022.04.09"]
[Round "5.84"]
[White "Hartmann, Wolfgang"]
[Black "Hallmundarson, Birkir"]
[Result "1-0"]
[WhiteElo "1927"]
[BlackElo "1162"]
[WhiteFideId "12977373"]
[BlackFideId "2319446"]
[EventDate "2022.04.06"]

1. c4 Nf6 2. g3 e5 3. Bg2 Bc5 4. Nc3 O-O 5. a3 a5 6. e3 Re8 7. Nge2 Nc6 8. O-O
e4 9. Qc2 Qe7 10. Nf4 Na7 11. Nfd5 Nxd5 12. Nxd5 Qe5 13. b4 axb4 14. Bb2 Qd6 15.
axb4 Bxb4 16. Bxe4 h6 17. d4 c5 18. Rfd1 Kh8 19. dxc5 Bxc5 20. Nf6 Qe7 21. Nxe8
Qxe8 22. Qc3 f6 23. Bc2 d6 24. Qd3 Qg8 25. Ba3 Bxa3 26. Rxa3 Be6 27. Rda1 Bxc4
28. Qd4 Ba6 29. Bd3 Rc8 30. Qxa7 Bxd3 31. Rxd3 Qc4 32. Qd4 Qe6 33. Qxd6 Qe4 34.
Qd5 Qb4 35. Rad1 Rc5 36. Qf7 Qg4 37. Qf8+ Kh7 38. Qxc5 Qa4 39. Qf5+ g6 40. Rd7+
Kg8 41. Qxg6+ Kf8 42. Qf7# 1-0

[Event "Kvika Reykjavik Open 2022"]
[Site "Reykjavik ISL"]
[Date "2022.04.09"]
[Round "5.88"]
[White "Chapman, Terry P D"]
[Black "Gardarsson, Hordur"]
[Result "1-0"]
[WhiteTitle "FM"]
[WhiteElo "2240"]
[BlackElo "1517"]
[WhiteFideId "413399"]
[BlackFideId "2303604"]
[EventDate "2022.04.06"]

1. Nf3 d6 2. d4 g6 3. g3 Bg7 4. Bg2 Nd7 5. c4 e5 6. Nc3 Ne7 7. O-O O-O 8. e4 f5
9. exf5 gxf5 10. Ng5 Nf6 11. d5 h6 12. Ne6 Bxe6 13. dxe6 c6 14. b3 d5 15. cxd5
cxd5 16. Ba3 Rc8 17. Bxe7 Qxe7 18. Nxd5 Nxd5 19. Qxd5 Rfd8 20. Qxb7 Rc7 21. Qa6
Rd6 22. Qe2 Qxe6 23. Rad1 Rxd1 24. Rxd1 e4 25. Bh3 Qg6 26. Qb5 Rf7 27. Rd5 f4
28. Bf5 Qf6 29. Qb8+ Bf8 30. Qxf4 Bg7 31. Qxe4 Re7 32. Rd8+ Bf8 33. Qg4+ Rg7 34.
Be6+ Kh8 35. Qd4 Qe7 36. b4 h5 37. Rc8 h4 38. Qf4 hxg3 39. Rxf8+ 1-0

[Event "Kvika Reykjavik Open 2022"]
[Site "Reykjavik ISL"]
[Date "2022.04.09"]
[Round "5.89"]
[White "Kull, Florian"]
[Black "Seshadri, Sridhar"]
[Result "1-0"]
[WhiteElo "2138"]
[BlackElo "1542"]
[WhiteFideId "4637097"]
[BlackFideId "30913942"]
[EventDate "2022.04.06"]

1. c4 c5 2. Nc3 e5 3. g3 g6 4. Bg2 Nc6 5. e3 Bg7 6. Nge2 Nge7 7. O-O O-O 8. a3
d6 9. Rb1 Be6 10. Nd5 Bxd5 11. cxd5 Nb8 12. b4 b6 13. bxc5 bxc5 14. d3 Nd7 15.
Bd2 Rb8 16. Qa4 Rxb1 17. Rxb1 Nb6 18. Qxa7 Nbxd5 19. Rb7 Nc8 20. Qa6 Nc7 21. Qc6
Ne6 22. a4 Qg5 23. a5 Nd4 24. Nxd4 exd4 25. a6 dxe3 26. Bxe3 Qf6 27. Rb8 Qa1+
28. Bf1 Ne7 29. Rxf8+ Bxf8 30. Qb7 Nd5 31. a7 Nb4 32. a8=Q Qg7 33. Qbb8 Nc2 34.
Bf4 1-0

[Event "Kvika Reykjavik Open 2022"]
[Site "Reykjavik ISL"]
[Date "2022.04.09"]
[Round "5.91"]
[White "Natoli, Domenico"]
[Black "Schmidt, Kai-Uwe"]
[Result "0-1"]
[WhiteElo "1608"]
[BlackElo "1904"]
[WhiteFideId "806277"]
[BlackFideId "4608755"]
[EventDate "2022.04.06"]

1. d4 Nf6 2. c4 g6 3. Nc3 Bg7 4. e4 d6 5. f4 c5 6. d5 O-O 7. Nf3 e6 8. dxe6 fxe6
9. Bd3 Nc6 10. O-O b6 11. Ng5 a6 12. a4 Ra7 13. Ne2 Re7 14. Ng3 Nd4 15. Nf3 e5
16. f5 gxf5 17. Nxd4 exd4 18. exf5 Qe8 19. Bf4 Qc6 20. Qf3 Qxf3 21. Rxf3 Rd8 22.
Bg5 h6 23. Bxf6 Bxf6 24. Nh5 Bg5 25. f6 Re5 26. f7+ Kf8 27. Raf1 Be3+ 28. Rxe3
dxe3 29. Nf6 e2 30. Nh7+ Kg7 31. Bxe2 Rxe2 32. f8=Q+ Rxf8 33. Rxf8 Be6 34. Rb8
Bxc4 35. Rb7+ Bf7 36. Rxb6 Kxh7 37. Rxd6 Rxb2 38. Rxa6 c4 39. Rc6 Rxg2+ 40. Kxg2
Bd5+ 41. Kf2 Bxc6 42. a5 Bb5 0-1

[Event "Kvika Reykjavik Open 2022"]
[Site "Reykjavik ISL"]
[Date "2022.04.09"]
[Round "5.92"]
[White "Gupta, Anand"]
[Black "Zheng, Harry Z"]
[Result "0-1"]
[WhiteElo "1543"]
[BlackElo "1873"]
[WhiteFideId "30951739"]
[BlackFideId "460982"]
[EventDate "2022.04.06"]

1. d4 Nf6 2. c4 e6 3. Nf3 b6 4. g3 Ba6 5. b3 Bb4+ 6. Bd2 Be7 7. Bg2 c6 8. Bc3 d5
9. Ne5 Nfd7 10. Nxd7 Nxd7 11. Nd2 O-O 12. O-O Nf6 13. Re1 b5 14. c5 Bb7 15. e4
dxe4 16. Nxe4 Nd5 17. Bd2 b4 18. Bf4 Nxf4 19. gxf4 Qc7 20. Qd2 a5 21. Qe3 Rfd8
22. Nd2 Bf6 23. Nf3 Ba6 24. Rad1 g6 25. Bf1 Bxf1 26. Rxf1 Rd5 27. Rd3 Rad8 28.
Rfd1 Bg7 29. Qe4 Rf5 30. Ne5 Rd5 31. Re1 Bxe5 32. dxe5 Rxf4 33. Qe3 Rg4+ 34. Kf1
Qe7 35. Rxd5 exd5 36. f3 Rh4 37. e6 fxe6 38. Qxe6+ Qxe6 39. Rxe6 Rxh2 40. Rxc6
Rxa2 41. Ra6 Kf8 42. c6 Ke7 43. Ra7+ Kd6 44. c7 Kd7 45. Ke1 h5 46. f4 h4 47.
c8=Q+ Kxc8 48. Rh7 Rh2 49. Kf1 a4 50. Rh8+ Kc7 51. Rh7+ Kc6 52. Rh6 axb3 53. Kg1
b2 54. Rxg6+ Kc5 55. Kxh2 b1=Q 56. Rg4 b3 57. f5 Qxf5 58. Rg2 Qe5+ 59. Kh1 b2
60. Rc2+ Kd6 61. Kg2 Qg3+ 62. Kf1 b1=Q+ 63. Rc1 Qbd3# 0-1

[Event "Kvika Reykjavik Open 2022"]
[Site "Reykjavik ISL"]
[Date "2022.04.09"]
[Round "5.93"]
[White "Bohlin, Jan"]
[Black "Palsson, Oli"]
[Result "1-0"]
[WhiteElo "1849"]
[BlackElo "1295"]
[WhiteFideId "1758616"]
[BlackFideId "2320142"]
[EventDate "2022.04.06"]

1. c4 e5 2. Nc3 Nf6 3. Nf3 Nc6 4. g3 Be7 5. Bg2 O-O 6. O-O d6 7. d4 exd4 8. Nxd4
Ne5 9. b3 c6 10. Bb2 Bd7 11. Qd2 Qc8 12. Rad1 Bh3 13. f4 Bxg2 14. Kxg2 Ng6 15.
e4 h5 16. Nf5 Qd7 17. Nxe7+ Qxe7 18. Qxd6 Qxd6 19. Rxd6 h4 20. Rfd1 hxg3 21.
hxg3 Rfe8 22. Kf3 Re7 23. e5 Nh5 24. Rh1 1-0

[Event "Kvika Reykjavik Open 2022"]
[Site "Reykjavik ISL"]
[Date "2022.04.09"]
[Round "5.94"]
[White "Hermes, Geoff R"]
[Black "Banerjee, Aryan"]
[Result "1-0"]
[WhiteElo "1837"]
[BlackElo "1374"]
[WhiteFideId "423254"]
[BlackFideId "1765035"]
[EventDate "2022.04.06"]

1. c4 e6 2. g3 c5 3. Bg2 g6 4. Nc3 Bg7 5. e4 Nc6 6. Nge2 Nge7 7. d3 Nd4 8. Nxd4
Bxd4 9. Nb5 Bg7 10. Nd6+ Kf8 11. Qf3 f5 12. exf5 exf5 13. O-O Qc7 14. Nb5 Qc6
15. Qf4 Qe6 16. Nc7 Qe5 17. Nxa8 Qxf4 18. Bxf4 Bxb2 19. Rab1 Bd4 20. Nc7 Kg7 21.
Rfe1 Kf6 22. Bd6 Nc6 23. Ne8+ Kf7 1-0

[Event "Kvika Reykjavik Open 2022"]
[Site "Reykjavik ISL"]
[Date "2022.04.09"]
[Round "5.95"]
[White "Helgadottir, Idunn"]
[Black "Sigurthorsson, Kristinn J"]
[Result "1-0"]
[WhiteElo "1540"]
[BlackElo "1818"]
[WhiteFideId "2314118"]
[BlackFideId "2311585"]
[EventDate "2022.04.06"]

1. d4 Nf6 2. Nf3 g6 3. c4 Bg7 4. Nc3 d5 5. Bf4 a6 6. e3 O-O 7. Be2 c6 8. O-O Nh5
9. Be5 Nf6 10. Rc1 b5 11. cxb5 cxb5 12. Qb3 Bg4 13. Bxf6 Bxf6 14. Nxd5 Bg7 15.
Nf4 Nd7 16. h3 Bf5 17. a4 Rb8 18. Rc6 bxa4 19. Qxa4 Rxb2 20. Bxa6 Nb8 21. Rc3
Nxa6 22. Qxa6 Be4 23. Ne6 Qa8 24. Qxa8 Rxa8 25. Nfg5 Bb7 26. Nc5 Bd5 27. Rfc1 h6
28. Nge4 Raa2 29. Rd3 Rc2 30. Rxc2 Rxc2 31. Ra3 e5 32. Nc3 exd4 33. Nxd5 Rxc5
34. e4 f5 35. f3 Be5 36. Ra2 Bg3 37. Kf1 d3 38. Ra1 Rc2 39. Rd1 fxe4 40. Nf6+
Kf7 41. Nxe4 Bh4 42. Rxd3 Rc1+ 43. Ke2 Re1+ 44. Kd2 Rg1 45. g4 Be1+ 46. Kc2 Rg2+
47. Kb3 Rh2 48. f4 Re2 49. Nd6+ Ke6 50. f5+ gxf5 51. Nxf5 Ke5 52. Rd7 Kf6 53.
Rd6+ Re6 54. Rxe6+ Kxe6 55. Nxh6 Bd2 56. Nf5 Ke5 57. Kc2 Bg5 58. Kd3 Bc1 59. Nd4
Bh6 60. Nf5 Bc1 61. Ke2 Kf4 62. Kf2 Ba3 63. Ng7 Bc5+ 64. Kg2 Bd6 65. Nh5+ Ke3
66. g5 1-0

[Event "Kvika Reykjavik Open 2022"]
[Site "Reykjavik ISL"]
[Date "2022.04.09"]
[Round "5.96"]
[White "Labrovic, Jakov"]
[Black "Eythorsson, Engilbert Vidar"]
[Result "1-0"]
[WhiteElo "1806"]
[BlackElo "1253"]
[WhiteFideId "14549786"]
[BlackFideId "2321769"]
[EventDate "2022.04.06"]

1. e4 e6 2. d4 d5 3. exd5 exd5 4. c4 Nf6 5. Nc3 c6 6. Bg5 Bb4 7. Nf3 O-O 8. Be2
dxc4 9. Bxc4 Re8+ 10. Ne5 Be6 11. Bd3 c5 12. O-O cxd4 13. Ne4 Be7 14. f4 Nxe4
15. Bxe4 Bd5 16. Bxe7 Rxe7 17. Qxd4 Nc6 18. Qxd5 Qb6+ 19. Kh1 Rd8 20. Nxc6 bxc6
21. Qxc6 Qxb2 22. Rae1 Rde8 23. Re3 Qxa2 24. Rfe1 g6 25. h3 Qb2 26. Qc4 Qf6 27.
g3 a5 28. Kg2 h5 29. Kf3 h4 30. g4 g5 31. Bf5 Rxe3+ 32. Rxe3 Rxe3+ 33. Kxe3
gxf4+ 34. Kxf4 Qd6+ 35. Kg5 Qe7+ 36. Kh5 Qf6 37. Qf4 Qh8+ 38. Qh6 Qe5 39. Kxh4
a4 40. Bh7+ Kh8 41. Bg6+ Kg8 42. Qh7+ Kf8 43. Qxf7# 1-0

[Event "Kvika Reykjavik Open 2022"]
[Site "Reykjavik ISL"]
[Date "2022.04.09"]
[Round "5.97"]
[White "Hreinsson, Johann Helgi"]
[Black "Jonsson, Johann"]
[Result "0-1"]
[WhiteElo "1406"]
[BlackElo "1770"]
[WhiteFideId "2317540"]
[BlackFideId "2321688"]
[EventDate "2022.04.06"]

1. d4 d5 2. c4 c6 3. cxd5 cxd5 4. Nc3 Nc6 5. Nf3 Nf6 6. Bf4 a6 7. h3 Bf5 8. e3
Qb6 9. Qd2 e6 10. Be2 Ne4 11. Qc1 Be7 12. O-O O-O 13. a3 Rac8 14. Nxe4 Nxd4 15.
Qd1 Nxe2+ 16. Qxe2 Bxe4 17. Ne5 Rfd8 18. Qh5 Bg6 19. Nxg6 hxg6 20. Qe2 Bf6 21.
Rab1 Qb3 22. g4 Rc2 23. Qd1 Rdc8 24. g5 Bxb2 25. Be5 Qxa3 26. Rxb2 Rxb2 27. Qd4
Rb4 28. Qd1 Re4 29. Bf4 Rec4 30. Qf3 Rc1 31. Be5 Rxf1+ 32. Kxf1 Qd3+ 33. Kg2 Qe4 0-1

[Event "Kvika Reykjavik Open 2022"]
[Site "Reykjavik ISL"]
[Date "2022.04.09"]
[Round "5.98"]
[White "Briem, Gudrun Fanney"]
[Black "Galow, Michael"]
[Result "0-1"]
[WhiteElo "1364"]
[BlackElo "1740"]
[WhiteFideId "2317486"]
[BlackFideId "16234596"]
[EventDate "2022.04.06"]

1. d4 f5 2. Nf3 e6 3. c4 Nf6 4. Bg5 Bb4+ 5. Nc3 h6 6. Bxf6 Qxf6 7. e3 Bxc3+ 8.
bxc3 b6 9. Be2 O-O 10. Qc2 Bb7 11. h3 d6 12. a4 e5 13. a5 Nd7 14. a6 Be4 15. Bd3
Bxd3 16. Qxd3 e4 17. Qe2 exf3 18. gxf3 Rae8 19. Kd2 c5 20. d5 f4 21. e4 Qh4 22.
Rag1 Ne5 23. Rg2 Re7 24. Kc2 Rff7 25. Kb3 Kf8 26. Qd1 Qh5 27. h4 Qxf3 28. Qxf3
Nxf3 29. Rh3 Nd2+ 30. Kc2 Nxe4 31. f3 Ng3 32. Kd2 Nf1+ 33. Kc1 Re1+ 34. Kb2 Ng3
35. Rhh2 Rfe7 36. Kb3 R7e2 37. Ka4 Ke7 38. Rxe2+ Rxe2 39. Rxe2+ Nxe2 40. Kb3 Ng1
41. Ka4 Nxf3 42. Kb5 Kd7 43. h5 Nd2 0-1

[Event "Kvika Reykjavik Open 2022"]
[Site "Reykjavik ISL"]
[Date "2022.04.09"]
[Round "5.100"]
[White "Sundberg, William"]
[Black "Ostensson, Julia"]
[Result "0-1"]
[WhiteElo "1279"]
[BlackElo "1731"]
[WhiteFideId "1742043"]
[BlackFideId "1747703"]
[EventDate "2022.04.06"]

1. e4 d6 2. Nf3 Nd7 3. Bc4 e5 4. c3 h6 5. d4 Qe7 6. Be3 Ngf6 7. Qc2 g6 8. h3 Bg7
9. Nbd2 c6 10. d5 O-O 11. Bb3 Nb6 12. c4 c5 13. a4 a5 14. Ba2 Ne8 15. Nh2 f5 16.
f3 Bd7 17. b3 Nc7 18. O-O f4 19. Bf2 h5 20. Qd1 Bf6 21. Qe1 Kf7 22. Kh1 Rh8 23.
Bb1 Na6 24. h4 Nb4 25. g3 Rag8 26. Rg1 Bc8 27. Ba2 Nc2 28. Qd1 Nxa1 29. Qxa1
fxg3 30. Bxg3 Bxh4 31. Qe1 Bxg3 32. Qxg3 g5 33. Bb1 Qf6 34. Bd3 Qf4 35. Qxf4+
gxf4 36. Rxg8 Rxg8 0-1

[Event "Kvika Reykjavik Open 2022"]
[Site "Reykjavik ISL"]
[Date "2022.04.09"]
[Round "5.105"]
[White "Hafdisarson, Ingi Thor"]
[Black "Shuey, Michael"]
[Result "0-1"]
[WhiteElo "1314"]
[BlackElo "1838"]
[WhiteFideId "2306956"]
[BlackFideId "30957176"]
[EventDate "2022.04.06"]

1. d4 Nf6 2. Bf4 d6 3. Nf3 g6 4. Nc3 Bg7 5. Qd2 h6 6. e4 Nbd7 7. O-O-O c5 8. Bc4
Nb6 9. Bb5+ Bd7 10. Bxd7+ Nfxd7 11. dxc5 Nxc5 12. e5 g5 13. Bg3 g4 14. Nh4 Nc4
15. Qe2 Nxe5 16. Bxe5 Bxe5 17. Qxg4 Bxc3 18. bxc3 Qa5 19. Qd4 O-O-O 20. Qb4 Qxa2
21. Nf5 Qe6 22. Nd4 Qd7 23. Kd2 Qa4 24. Qb2 Qc4 25. Nb5 a6 26. Na7+ Kb8 27. Nc6+
Kc8 28. Nxd8 Rxd8 29. f3 Rg8 30. Rhg1 Qf4+ 31. Ke2 Rg5 32. Rd4 Re5+ 33. Kd1 Qxh2
34. Re1 Rxe1+ 35. Kxe1 Qg1+ 36. Kd2 Qxg2+ 37. Kc1 Qxf3 38. Qb4 e5 39. Rh4 e4 40.
Qc4 Kc7 41. Kb2 h5 42. Rh1 0-1

[Event "Kvika Reykjavik Open 2022"]
[Site "Reykjavik ISL"]
[Date "2022.04.09"]
[Round "5.106"]
[White "Hoskuldsson, Sigurdur Heidar"]
[Black "De Winter, Eric"]
[Result "1/2-1/2"]
[WhiteElo "1321"]
[BlackElo "1722"]
[WhiteFideId "2319675"]
[BlackFideId "1033069"]
[EventDate "2022.04.06"]

1. e4 g6 2. Nf3 Bg7 3. d4 d6 4. Be3 c5 5. Nc3 cxd4 6. Nxd4 Nc6 7. Bb5 Bd7 8. O-O
Nf6 9. h3 a6 10. Bc4 Rc8 11. f4 O-O 12. Bd3 Nh5 13. Nf3 Nb4 14. Qe1 Nxd3 15.
cxd3 e6 16. d4 b5 17. e5 dxe5 18. fxe5 f5 19. Bg5 Qb6 20. Be7 Rf7 21. Bc5 Qb7
22. Rd1 Bc6 23. Rd2 Bh6 24. Rc2 Bd5 25. b3 Bf8 26. Bxf8 Rfxf8 27. Qf2 Nf4 28.
Nxd5 Qxd5 29. Rd2 Nh5 30. Qh4 Rc3 31. Qe7 Rf7 32. Qe8+ Kg7 33. Ng5 Qd7 34. Nxe6+
Kh6 35. Qxd7 Rxd7 36. Rf3 Rc1+ 37. Kh2 f4 38. Nxf4 Re1 39. g4 Nxf4 40. Rxf4 Rxe5
41. Rf6 a5 1/2-1/2

[Event "Kvika Reykjavik Open 2022"]
[Site "Reykjavik ISL"]
[Date "2022.04.09"]
[Round "5.107"]
[White "Putz, Philippe Marco"]
[Black "Johannsson, Markus Orri"]
[Result "1-0"]
[WhiteElo "1697"]
[BlackElo "1288"]
[WhiteFideId "16294190"]
[BlackFideId "2318539"]
[EventDate "2022.04.06"]

1. d4 Nf6 2. Nf3 b6 3. g3 Bb7 4. Bg2 e6 5. c4 d5 6. O-O Be7 7. Nc3 O-O 8. cxd5
Nxd5 9. Nxd5 Bxd5 10. Qc2 c5 11. Rd1 Qc8 12. e4 Bb7 13. d5 exd5 14. exd5 Rd8 15.
Ng5 Bxg5 16. Bxg5 f6 17. Bf4 Na6 18. a3 Nc7 19. d6 Ne8 20. Qb3+ Kh8 21. Qf7 Rd7
22. Bxb7 Qxb7 23. Qf8# 1-0

[Event "Kvika Reykjavik Open 2022"]
[Site "Reykjavik ISL"]
[Date "2022.04.09"]
[Round "5.108"]
[White "Saemundarson, Saethor Ingi"]
[Black "Adavatkar, Rugved"]
[Result "0-1"]
[WhiteElo "1212"]
[BlackElo "1652"]
[WhiteFideId "2319845"]
[BlackFideId "1055011"]
[EventDate "2022.04.06"]

1. e4 c5 2. Nf3 Nc6 3. d4 cxd4 4. Nxd4 g6 5. Nc3 Bg7 6. Be3 Nf6 7. Bc4 O-O 8.
O-O a6 9. a3 Nxe4 10. Nxe4 d5 11. Bxa6 Rxa6 12. Ng3 Nxd4 13. Bxd4 e5 14. Bc5 Re8
15. Re1 h5 16. f3 Rc6 17. Bb4 h4 18. Nh1 Bf5 19. c3 d4 20. Nf2 d3 21. Qd2 Kh7
22. Ne4 Bh6 23. Qf2 d2 24. Nxd2 Qxd2 25. Qxh4 Kg7 26. Rad1 Be3+ 27. Kh1 Qf2 28.
Qxf2 Bxf2 29. Re2 Bb6 30. Rd6 f6 31. f4 Rxd6 32. Bxd6 e4 33. h3 e3 34. b4 Bd3
35. Re1 e2 36. Bc5 Bxc5 37. bxc5 Rc8 0-1

[Event "Kvika Reykjavik Open 2022"]
[Site "Reykjavik ISL"]
[Date "2022.04.09"]
[Round "5.109"]
[White "Patel, Zain"]
[Black "Brynjarsson, Orvar Holm"]
[Result "1-0"]
[WhiteElo "1557"]
[BlackElo "1211"]
[WhiteFideId "469246"]
[BlackFideId "2321726"]
[EventDate "2022.04.06"]

1. d4 e6 2. c4 d5 3. Nc3 Be7 4. cxd5 exd5 5. Qc2 Nc6 6. Nf3 Nf6 7. Bf4 Be6 8. e3
O-O 9. a3 Qd7 10. Bb5 Bf5 11. Bxc6 bxc6 12. Qa4 Rfe8 13. Ne5 Qe6 14. Qxc6 Bd6
15. O-O Rab8 16. Nb5 Bxe5 17. Qxe6 Rxe6 18. dxe5 Rxb5 19. exf6 Rxf6 20. Bxc7 Re6
21. Rfd1 Be4 22. f3 Bg6 23. e4 Re7 24. Rac1 f5 25. Rxd5 Rxd5 26. exd5 Rd7 27. d6
Kf7 28. Rc6 Ke6 29. Ra6 Kd5 30. Rxa7 Kc6 31. b4 Kb5 32. a4+ Kxb4 33. Ba5+ Ka3
34. Rxd7 Be8 35. Rxg7 Bxa4 36. d7 Bxd7 37. Rxd7 f4 38. Rb7 h5 39. Kf1 h4 40. Ke2
h3 41. gxh3 Ka4 42. Kd3 Kxa5 43. Kc4 Ka6 44. Rb1 Ka5 45. h4 Ka6 46. Kc5 Ka7 47.
Kc6 Ka8 48. Kc7 Ka7 49. Ra1# 1-0